Alle Länder des Ostgotenreichs - Statistiken

Allgemein
  • Dieses Quiz wurde 3 mal gespielt
  • Das Durchschnittsergebnis liegt bei 7 aus 9
Antwortstatistiken
Antwort % Korrekt
Frankreich
100%
Italien
100%
Österreich
100%
Schweiz
100%
Monaco
67%
Slowenien
67%
Ungarn
67%
Bosnien und Herzegowina
33%
San Marino
33%
Keine übereinstimmenden Quizze gefunden
Verteilung der Resultate
Anzahl Personen mit jedem Resultat
Perzentil nach korrekt beantworteten Fragen
Ihre Resultats-Entwicklung
Sie haben dieses Quiz noch nicht gespielt